000 00852nam a2200217Ia 4500
005 20241129105947.0
008 241129s9999||||xx |||||||||||||| ||und||
020 _a81-85478-57-0
037 _aTB
040 _aARTS
_bhin
_cARTS
041 _ahin
_2hin
084 _aO152,1M23x N8
_qARTS
100 _aशर्मा, जगन्नाथ, ‘हंस’, संपा.
245 0 _aगंगा सागर: संत गंगादास के पदों का संग्रह
_cशर्मा, जगन्नाथ, ‘हंस’, संपा.
260 _aदिल्ली, भारत
_bनयी नेशनल पब्लिशिंग हाउस
_c1980
300 _a519पृ0
365 _aINR
_b500
650 _aHindi Poetry
_97134
942 _cTB
_hO152,1M23x N8
999 _c1226777
_d1226777